Arte religioso en un pueblo de España (Record no. 3401)

MARC details
000 -CABECERA
campo de control de longitud fija 00821nam a2200253 a 4500
001 - NÚMERO DE CONTROL
campo de control BRCA_3669
005 - FECHA Y HORA DE LA ÚLTIMA TRANSACCIÓN
campo de control 20190320204357.0
008 - DATOS DE LONGITUD FIJA--INFORMACIÓN GENERAL
campo de control de longitud fija 010909s1963----sp-a---###---#000-0#spa-#
041 ## - CÓDIGO DE LENGUA
Código de lengua del texto/banda sonora o título independiente spa
044 ## - CÓDIGO DEL PAÍS DE LA ENTIDAD EDITORA/PRODUCTORA
Código MARC del país sp
050 #4 - SIGNATURA TOPOGRÁFICA DE LA BIBLIOTECA DEL CONGRESO
Número de clasificación N7111
Número de documento/Ítem .A77 1963
100 1# - ENTRADA PRINCIPAL--NOMBRE DE PERSONA
Nombre de persona Arrese, José Luis de
9 (RLIN) 9526
245 10 - MENCIÓN DE TÍTULO
Título Arte religioso en un pueblo de España
Mención de responsabilidad, etc. José Luis de Arrese.
260 ## - PUBLICACIÓN, DISTRIBUCIÓN, ETC.
Lugar de publicación, distribución, etc. Madrid
Nombre del editor, distribuidor, etc. Consejo Superior de Investigaciones Científicas
Fecha de publicación, distribución, etc. 1963
300 ## - DESCRIPCIÓN FÍSICA
Extensión 622 p.
Otras características físicas il., 189 láminas
Dimensiones 25 cm.
500 ## - NOTA GENERAL
Nota general Incluye índice alfabético, índice biográfico, ìndice geográfico e índice de láminas
500 ## - NOTA GENERAL
Nota general B322
650 14 - PUNTO DE ACCESO ADICIONAL DE MATERIA--TÉRMINO DE MATERIA
Término de materia o nombre geográfico como elemento de entrada Arte
Subdivisión geográfica Corella, España
9 (RLIN) 9527
650 14 - PUNTO DE ACCESO ADICIONAL DE MATERIA--TÉRMINO DE MATERIA
Término de materia o nombre geográfico como elemento de entrada Arte y simbolismo cristianos
9 (RLIN) 4853
650 14 - PUNTO DE ACCESO ADICIONAL DE MATERIA--TÉRMINO DE MATERIA
Término de materia o nombre geográfico como elemento de entrada Arte
Subdivisión general Historia
9 (RLIN) 9528
650 14 - PUNTO DE ACCESO ADICIONAL DE MATERIA--TÉRMINO DE MATERIA
Término de materia o nombre geográfico como elemento de entrada Arte
Subdivisión geográfica España
9 (RLIN) 2064
902 ## - CATALOGADOR
Iniciales GFM
942 ## - ELEMENTOS DE PUNTO DE ACCESO ADICIONAL (KOHA)
Fuente del sistema de clasificación o colocación Library of Congress Classification
Tipo de ítem Koha Libros
Holdings
Estado de retiro Estado de pérdida Estado dañado No para préstamo Localización permanente Ubicación/localización actual Fecha de adquisición Número de inventario Total de préstamos Signatura topográfica completa Código de barras Fecha visto por última vez Precio válido a partir de Tipo de ítem Koha
El ejemplar forma parte de la colección y puede ser consultado según las políticas vigentes.       Biblioteca del Museo Franz Mayer (Rogerio Casas-Alatriste) Biblioteca del Museo Franz Mayer (Rogerio Casas-Alatriste) 01/09/2009 B322   N7111 .A77 1963 (B322) 3666 22/03/2019 22/03/2019 Libros